| 000 | 00885nas a2200277 4500 | ||
|---|---|---|---|
| 001 | BR0205615 | ||
| 003 | BR-BrBNA | ||
| 005 | 20231205103408.0 | ||
| 007 | ta | ||
| 008 | 230509b bl.|||p| |||| 00| 00por d | ||
| 040 |
_aBR-BrBNA _bpor _cBiblioteca Nacional de Agricultura |
||
| 041 | _a(Pt) | ||
| 072 | _aL72; L70 | ||
| 100 | 1 | _aLima, L.G.F. | |
| 100 | 1 | _aPrado, A.P. | |
| 100 | 1 | _aPerri, S.H.V. | |
| 245 | 1 | _aLocalização preferencial e índices diferenciados de infestação da mosca-dos-chifres (Haematobia irritans)em bovinos da raça Nelore | |
| 650 | _aBOVINO | ||
| 650 | _aGADO NELORE | ||
| 650 | _aMOSCA DOS CHIFRES | ||
| 650 | _aINFESTAÇÃO | ||
| 650 | _aVETERINÁRIA | ||
| 773 | 0 |
_tPesquisa Veterinária Brasileira (Brazil) _xISSN 0100-736X _g(Jan-Mar 2002), v. 22(1) p. 25-32 _wBR0205615 |
|
| 909 |
_a202311 _bLúcia _c55 _dLúcia Elande |
||
| 942 |
_2AGRIS _n0 _cANA |
||
| 999 |
_c172632 _d172632 |
||